| 000 | 00768nam a2200241Ia 4500 | ||
|---|---|---|---|
| 003 | GCL | ||
| 008 | 140319s9999 xx 000 0 ara d | ||
| 040 |
_aGCL / _cGCL |
||
| 082 | 0 | 4 |
_a658.3 _bب م |
| 100 | 1 | _aبيلكر، لورين . ب | |
| 245 | 1 | 0 |
_aمدير لاول مرة / _cبيلكر، لورين . ب |
| 700 | 1 | _aجمال امام | |
| 300 | _a192 ص | ||
| 490 |
_aالهيئة العامة للاستعلامات _v0 |
||
| 650 | 0 | 4 | _aادارة الاعمال |
| 650 | 0 | 4 | _aتوصيف الوظائف |
| 650 | 0 | 4 | _aادارة الافراد |
| 650 | 0 | 4 | _aالرؤساء والمديرون |
| 650 | 0 | 4 | _aالسلوك الادارى |
| 650 | 0 | 4 | _aادارة الاعمال - سلوك |
| 650 | 0 | 4 | _aالادارة - نظريات |
| 942 |
_2ddc _cBK |
||
| 999 |
_c47699 _d47699 |
||